000 01282nam a2200193Ia 4500
003 Ost
005 20260507075735.0
008 260507s9999||||xx |||||||||||||| ||und||
040 _cfsecg
041 _aara
082 _a658.8
100 _aالعلاق، بشير عباس
_eمؤلف
245 0 _aتسويق الخدمات :
_bمدخل استراتيجي.وظيفي.تطبيقي /
_c بشير عباس العلاق
260 _aعمان:
_bدار زهران,
_c2001
300 _a435 صفحة؛
_c24 سم
520 _aمدخل إلى الخدمات،الخدمة الجوهر والخدمات التكميلية الداعمة،المزيج التسويقي للخدمات،دورة حياة المنتج،تحديد مكانة الخدمة في السوق،أنظمة الخدمات،الإستراتيجيات الداعمة لأنظمة الخدمة،تصميم الخدمة،ابتكار وتطوير الخدمات الجديدة،إدارة الطلب على الخدمات،جودة الخدمة المدركة ورضا المستفيد،تسعير الخدمات،توزيع الخدمات،ترويج الخدمات،التسويق الداخلي،المشكلات المترتبة على تسويق الخدمات
653 _aالتسويق
942 _cكتاب
999 _c46083
_d46083